000 01528nam a22004337a 4500
003 CHAP
005 20220329141245.0
008 971010s1972 r 00010 d
010 _a65239
011 _a66211
035 _a74218
040 _cCHAP
090 _aTesis
100 0 0 _aMoreno Díaz, Leopoldo.
_978592
245 _aObtención de una función de producción de frijol en base a regímenes variables de humedad del suelo
260 _aChapingo, Méx. :
_bEl autor,
_c1972
300 _a94 h.
_b; apénd.
500 _a/
502 _aTesis (M.C. Esp. en Riego y Drenaje) -- CP. Colegio de Postgraduados
590 _aALEPH
_b10
_c20130110
_lUCH01
_h1355
590 _aBATCH-UPD
_b10
_c20130110
_lUCH01
_h0248
590 _aBATCH-UPD
_b10
_c20130110
_lUCH01
_h1915
590 _aBATCH-UPD
_b10
_c20130409
_lUCH01
_h2319
590 _aBATCH-UPD
_b10
_c20130410
_lUCH01
_h1412
590 _aBATCH-UPD
_b10
_c20130914
_lUCH01
_h1438
590 _aCONVERSION
_b10
_c20130109
_lUCH01
_h1336
650 1 4 _aAgricultura
_xModelos matematicos.
_91744
650 1 4 _aFrijol
_xAgua requerida.
_943320
650 1 4 _aFrijol
_xIrrigación.
_943398
650 1 4 _aFrijol
_xRendimiento.
_943429
650 1 4 _aSuelos
_xHumedad.
_9110391
901 _aBK
942 _cFOLL
949 _bBC
_cTES
_d-148236
_eTS1
_i74218
_si
949 _bBC
_cTES
_d-148238
_eTS2
_fc.3
_i74218
_si
949 _bBC
_cTES
_d-148239
_eTS2
_fc.4
_h26379
_i74218
_si
949 _bBC
_cTES
_d33724000982062
_eTS2
_fc.2
_i74218
_si
949 _bI
_cTES
_d-7075
_eTS1
_h364
_i74218
_si
999 _c65239
_d65239